Criminologa̕ etiolg̤ica-multifactorial Los factores criming̤enos /

Detalles Bibliográficos
Autor principal: Hikal Carren̤, Wael Sarwat
Formato: eBook
Lenguaje:español
Publicado: [Brasil] : Flores Editor y Distribucin̤, 2010.
Materias:
Acceso en línea:Acceso restringido

MARC

LEADER 00000nam a22000007a 4500
005 20110824133955.0
008 110824t2011 mx |s|||| 00| 0 spa d
020 |a 978-607-7799-65-8 
035 |a 5718 
040 |a vLex 
090 |c 2260  |d 2260 
100 1 |a Hikal Carren̤, Wael Sarwat 
245 1 0 |a Criminologa̕ etiolg̤ica-multifactorial   |b Los factores criming̤enos /  |c Wael Sarwat Hikal Carren̤  |h [Recurso electrn̤ico] : 
256 |a Servicio en ln̕ea. 
260 |a [Brasil] :  |b Flores Editor y Distribucin̤,  |c 2010. 
500 |a La Criminologa̕ actual, debe retomar los paradigmas t︢iles para atender a los problemas de criminalidad ms̀ graves del momento como lo es el trf̀ico de r̤ganos, el secuestro, las extorsiones, el crimen organizado, la tortura a seres humanos y animales, al medio ambiente, los delitos informt̀icos, entre tantos. As ̕mismo, este libro persigue sistematizar y reorganizar el conocimiento criminolg̤ico.  
506 1 |a Contenido solo disponible en los productos indicados  |d vLex Global  |d vLex Global (Academic Edition, excluding Law Schools)  |d vLex Global (U.S. Academic Edition, Law Schools)  |d vLex Global (U.S. Academic Edition, excluding Law Schools)  |d vLex Global (Academic Edition, Law Schools) 
650 0 4 |a Criminologa̕ 
740 0 |a vLex Libros (Servicio en ln̕ea) 
856 4 0 |u http://vlex.com/source/5718  |z Acceso restringido 
942 |c BOOK